000 01056nam a2200301 i 4500
003 EG-GICUC
005 20260312141505.0
008 260312s1989 ua ||||fr|||| 00| 0 ara d
040 _a EG-GICUC
_bara
_c EG-GICUC
_d EG-GICUC
_erda
041 _aara
082 0 4 _221
_a343.7
_bم ح . د
092 0 4 _221
099 _aLaw1 10 343.7 م ح . د 1989
100 0 _aمحمد مصباح القاضى
_eمؤلف.
245 1 0 _aدروس فى علم العقاب /
_cتأليف الدكتور محمد مصباح القاضى.
264 _aلا يوجد مكان نشر :
_bلا يوجد ناشر محدد،
_c1989.
300 _a146 صفحة ;
_c24 سم.
336 _2rda content
_atext
337 _2rda media
_aComputer
338 _2rda carrier
_aOnline Resource
504 _aيشتمل على فهرس.
546 _aالنص باللغة العربية
650 _aالقانون الجنائي
650 _aعلم العقاب
856 4 0 _uhttps://fll.law.cu.edu.eg/fulltext/bks/B10-07952.pdf
905 _a43
942 _2ddc
_n0
_cBK
_e21
999 _c66281
_d66281